| 000 | 00383nam a2200121Ia 4500 | ||
|---|---|---|---|
| 008 | 180305s9999 xx 000 0 und d | ||
| 020 | _a9780415854443 | ||
| 100 | _aWilliams, Stephen | ||
| 245 |
_cStephen Williams, Alan A. Lew _aTourism Geography: _bCritical Understandings of Place, Space and Experience |
||
| 250 | _a3rd ed. | ||
| 260 |
_aUSA _bRoutledge _c2015 |
||
| 300 | _a327 Pages | ||
| 999 |
_c356039 _d356039 |
||